000 00853nam a2200265 i 4500
001 187570
003 ES-MaACL
005 20250812085440.0
008 171129s2009 sp |||| | spa d
020 _a978-84-96808-59-1
080 _a2(081)
100 1 _aGuénon, René,
_d1886-1951
_960441
245 1 0 _aSobre la metafísica hindú y otros escritos /
_cRené Guénon ; [traducción, Joaquín Jimenéz Garrido].
250 _a1ª ed.
260 _aMadrid :
_bSanz y Torres,
_c2009.
300 _a308 p. ;
_c21 cm.
490 1 _aIgnitus
650 7 _aMetafísica
_2embne
_915012
650 7 _aHinduismo
_2embne
_9136230
700 1 _aJiménez Garrido, Joaquín.
_9164001
830 0 _aIgnitus
_9192800
852 _aES-MaACL
_jA-14087
_9194656
_bR.151472
_cDEPO1
_dOlim: N-7087
942 _2udc
_cMONOGRAFIA
999 _c187570
_d187570